[Event "World ol U16"]
[Site "Ahmedabad"]
[Date "2017.12.13"]
[Round "4.3"]
[White "Usupbekova, Zarina"]
[Black "Khadka, Samir"]
[Result "1-0"]
[WhiteElo "1633"]
[BlackElo "1583"]
[PlyCount "39"]
[EventDate "2017.12.11"]
[EventType "team-swiss"]
[EventRounds "9"]
[EventCountry "IND"]
[SourceTitle "CBM 182 Extra"]
[Source "ChessBase"]
[SourceDate "2018.02.23"]
[SourceVersion "1"]
[SourceVersionDate "2018.02.23"]
[SourceQuality "1"]
[WhiteTeam "Kyrgyzstan"]
[BlackTeam "Nepal"]
[WhiteTeamCountry "KGZ"]
[BlackTeamCountry "NEP"]

1. e4 d5 2. exd5 Nf6 3. d4 Nxd5 4. Nf3 Bg4 5. c3 a6 6. Bd3 g6 7. 0-0 Bg7 8. h3 Bxf3 9. Qxf3 0-0 10. Nd2 Nc6 11. a3 Re8 12. Bc4 Nf6 13. Ne4 e5 14. Bg5 exd4 15. Bxf6 Ne5 16. Qf4 Bxf6 17. Nxf6+ Kf8 18. Nxe8 Nxc4 19. Nxc7 Rc8 20. Ne6+ 1-0